[Event "III Festival"]
[Site "Salsomaggiore Terme ITA"]
[Date "1999.05.08"]
[Round "3"]
[White "Vujovic, Milorad"]
[Black "Genocchio, Daniele"]
[Result "0-1"]
[WhiteElo "2306"]
[BlackElo "2247"]
[PlyCount "68"]
[EventDate "1999.05.06"]

1.c4 f5 2.Nc3 Nf6 3.g3 g6 4.Bg2 Bg7 5.d4 O-O 6.Nh3 d6 7.Nf4 Nc6 8.d5 Ne5 
9.Qb3 c5 10.dxc6 bxc6 11.c5+ d5 12.O-O Kh8 13.Rd1 Qc7 14.Qc2 Rb8 15.b3 Nf7
16.Bb2 e5 17.Nd3 g5 18.e3 e4 19.Ne1 f4 20.exf4 gxf4 21.gxf4 Qxf4 22.Ne2 
Qh4 23.f3 Ng5 24.Be5 exf3 25.Bxb8 fxe2 26.Qxe2 Bg4 27.Bg3 Qxg3 28.hxg3 
Bxe2 29.Rdc1 Ng4 30.Nc2 Bd3 31.Rab1 Bxc2 32.Rxc2 Bd4+ 33.Kh1 Rf6 34.Bxd5 
Rh6+ 0-1

[Event "III Festival"]
[Site "Salsomaggiore Terme ITA"]
[Date "1999.05.08"]
[Round "4"]
[White "Collutiis, Duilio"]
[Black "Pegoraro, Nicola"]
[Result "1-0"]
[WhiteElo "2196"]
[BlackElo "2072"]
[PlyCount "99"]
[EventDate "1999.05.06"]

1.e4 c5 2.Nc3 Nc6 3.f4 g6 4.Nf3 Bg7 5.Bb5 Nd4 6.Bd3 d6 7.Nxd4 cxd4 8.Ne2 
e6 9.c3 dxc3 10.dxc3 Ne7 11.O-O O-O 12.Qb3 Qc7 13.Be3 d5 14.e5 Bd7 15.Rac1
b5 16.Nd4 a6 17.Bf2 Rfe8 18.Be3 Rac8 19.Qd1 Nc6 20.Nxc6 Qxc6 21.Bd4 Bf8 
22.b4 a5 23.a3 axb4 24.axb4 Be7 25.g4 Bd8 26.Qd2 Bb6 27.Qe3 Bxd4 28.cxd4 
Qb6 29.Rc5 Rxc5 30.dxc5 Qc7 31.Qd4 Bc6 32.Rf2 Qe7 33.h3 Qh4 34.Kg2 Qe7 35.
Kg3 Ra8 36.f5 exf5 37.gxf5 Re8 38.f6 Qxe5+ 39.Qxe5 Rxe5 40.Re2 Re6 41.Rxe6
fxe6 42.Kf4 Kf7 43.Ke5 Be8 44.Kd6 Kxf6 45.c6 Bxc6 46.Kxc6 h5 47.Kxb5 e5 
48.Kc5 e4 49.Be2 d4 50.Kxd4 1-0

[Event "III Festival"]
[Site "Salsomaggiore Terme ITA"]
[Date "1999.05.08"]
[Round "4"]
[White "Digiugno, Franco"]
[Black "Natalucci, Fabrizio"]
[Result "1/2-1/2"]
[WhiteElo "2135"]
[BlackElo "2225"]
[PlyCount "33"]
[EventDate "1999.05.06"]

1.d4 d5 2.Nf3 f5 3.Bf4 Nf6 4.e3 e6 5.Nbd2 Bd6 6.Bxd6 Qxd6 7.c4 O-O 8.Bd3 
Ne4 9.O-O Nd7 10.Rc1 c6 11.a3 Ndf6 12.Ne5 Bd7 13.f3 Nxd2 14.Qxd2 Be8 15.b4
Nd7 16.Nxd7 Bxd7 17.Qc2 1/2-1/2

[Event "III Festival"]
[Site "Salsomaggiore Terme ITA"]
[Date "1999.05.08"]
[Round "4"]
[White "Efimov, Igor"]
[Black "Caposciutti, Maurizio"]
[Result "1/2-1/2"]
[WhiteElo "2494"]
[BlackElo "2273"]
[PlyCount "84"]
[EventDate "1999.05.06"]

1.d4 d6 2.c4 e5 3.Nf3 e4 4.Nfd2 f5 5.Nc3 c6 6.Qa4 Nf6 7.e3 Be7 8.b4 O-O 9.
b5 Kh8 10.g3 c5 11.Bb2 Be6 12.Ne2 Nbd7 13.Nf4 Bf7 14.d5 Ne5 15.Qc2 Kg8 16.
h4 Nfg4 17.Be2 Bf6 18.a4 g6 19.Kf1 h6 20.Kg2 Kg7 21.Bc3 Qe7 22.Rab1 Rae8 
23.b6 a6 24.Nb3 Nf3 25.Bxf6+ Qxf6 26.Bxf3 exf3+ 27.Kxf3 g5 28.hxg5 hxg5 
29.Nh5+ Bxh5 30.Rxh5 Rh8 31.Rbh1 Rxh5 32.Rxh5 Kg6 33.Rh1 Rh8 34.Rxh8 Qxh8 
35.e4 Qh1+ 36.Ke2 fxe4 37.Nd2 Kf5 38.Qb1 Qxb1 39.Nxb1 Ke5 40.f3 exf3+ 41.
Kxf3 Nf6 42.Ke3 Ng4+ 1/2-1/2

[Event "III Festival"]
[Site "Salsomaggiore Terme ITA"]
[Date "1999.05.08"]
[Round "4"]
[White "Genocchio, Daniele"]
[Black "Fercec, Nenad"]
[Result "1-0"]
[WhiteElo "2247"]
[BlackElo "2495"]
[PlyCount "71"]
[EventDate "1999.05.06"]

1.e4 c5 2.Nf3 d6 3.d4 cxd4 4.Nxd4 Nf6 5.Nc3 a6 6.g3 b5 7.Bg2 Bb7 8.O-O e6 
9.Re1 Qc7 10.Bf4 Nbd7 11.Ndxb5 axb5 12.Nxb5 Qc6 13.Nxd6+ Bxd6 14.Qxd6 Nc5 
15.Qxc6+ Bxc6 16.b4 Ncxe4 17.Be5 Rc8 18.c4 Nd2 19.c5 Nf3+ 20.Bxf3 Bxf3 21.
a4 Ba8 22.Bxf6 gxf6 23.Rec1 Be4 24.b5 Kd7 25.a5 Kc7 26.Ra4 Bd3 27.Rb4 Rb8 
28.b6+ Kc6 29.Ra4 Ba6 30.Rf4 h5 31.f3 Rbd8 32.Rb4 Rd2 33.b7 Bxb7 34.Rcb1 
Bc8 35.Rb8 Rhd8 36.a6 1-0

[Event "III Festival"]
[Site "Salsomaggiore Terme ITA"]
[Date "1999.05.08"]
[Round "4"]
[White "Komarov, Dimitri"]
[Black "Everet, Alexandro"]
[Result "1-0"]
[WhiteElo "2588"]
[BlackElo "2253"]
[PlyCount "109"]
[EventDate "1999.05.06"]

1.d4 Nf6 2.Nf3 d5 3.c4 c6 4.Nc3 g6 5.e3 Bg7 6.Be2 O-O 7.O-O Nbd7 8.cxd5 
cxd5 9.Qb3 e6 10.Bd2 a6 11.Rfc1 Ne4 12.Be1 Nd6 13.a4 Re8 14.Rc2 b6 15.Na2 
Bb7 16.Nb4 b5 17.Nd3 Nb6 18.Nc5 bxa4 19.Qa2 a5 20.Nxa4 Nxa4 21.Qxa4 Qe7 
22.Rac1 Rec8 23.Rxc8+ Bxc8 24.Ne5 Bb7 25.Nd3 Bf8 26.Nc5 Qd8 27.Ra1 Qb6 28.
Nxb7 Qxb7 29.b4 Nc4 30.bxa5 Qb2 31.Qa2 Qxa2 32.Rxa2 Rb8 33.Ra1 Bd6 34.Kf1 
Kf8 35.Bxc4 dxc4 36.Rc1 Rc8 37.Bc3 Rb8 38.Ke2 Ke8 39.Ra1 Kd7 40.Ra4 Rc8 
41.h3 Rc7 42.Kd2 Rc8 43.Bb4 Bc7 44.Bc5 Kc6 45.Kc3 Kb5 46.Rb4+ Kxa5 47.Kxc4
Ka6 48.Ra4+ Kb7 49.Ra7+ Kb8 50.Kb5 h5 51.Bb6 Bxb6 52.Kxb6 Rf8 53.Re7 g5 
54.Kc6 h4 55.Kd7 1-0

[Event "III Festival"]
[Site "Salsomaggiore Terme ITA"]
[Date "1999.05.08"]
[Round "4"]
[White "Lapiccirella, Mattia"]
[Black "Barbafiera, Luigi"]
[Result "1-0"]
[WhiteElo "2077"]
[BlackElo "1909"]
[PlyCount "63"]
[EventDate "1999.05.06"]

1.d4 d5 2.c4 e6 3.Nc3 Nf6 4.Bg5 Be7 5.e3 Nbd7 6.Nf3 c6 7.Qc2 O-O 8.Rd1 h6 
9.Bh4 Ne4 10.Bxe7 Qxe7 11.Nxe4 dxe4 12.Qxe4 Qb4+ 13.Rd2 c5 14.a3 Qa5 15.
Be2 cxd4 16.exd4 Nf6 17.Qd3 b6 18.b4 Qh5 19.Ne5 Qh4 20.Bf3 Rb8 21.Nc6 Rb7 
22.O-O Rc7 23.b5 Bb7 24.Re1 Bxc6 25.bxc6 Rd8 26.g3 Qg5 27.Qc3 h5 28.Re5 
Qg6 29.h4 Qh6 30.d5 g6 31.d6 Ng4 32.Bxg4 1-0

[Event "III Festival"]
[Site "Salsomaggiore Terme ITA"]
[Date "1999.05.08"]
[Round "4"]
[White "Peric, Slavisa"]
[Black "Bertino, Paolo"]
[Result "1-0"]
[WhiteElo "2499"]
[BlackElo "1888"]
[PlyCount "47"]
[EventDate "1999.05.06"]

1.d4 d5 2.Nf3 Nf6 3.c4 c6 4.e3 e6 5.Nbd2 Be7 6.Bd3 O-O 7.O-O Nbd7 8.b3 b6 
9.Bb2 a5 10.Ne5 Bb7 11.f4 a4 12.Qe2 c5 13.cxd5 exd5 14.Bb5 a3 15.Bc3 Nxe5 
16.dxe5 Ne8 17.Nf3 Nc7 18.Bd3 Ba6 19.f5 Qc8 20.f6 gxf6 21.exf6 Bd6 22.Ng5 
h6 23.Bxa6 Rxa6 24.Qh5 1-0

[Event "III Festival"]
[Site "Salsomaggiore Terme ITA"]
[Date "1999.05.08"]
[Round "4"]
[White "Pipitone, Antonio"]
[Black "Tramalloni, Luca"]
[Result "1/2-1/2"]
[WhiteElo "2057"]
[BlackElo "1909"]
[PlyCount "119"]
[EventDate "1999.05.06"]

1.e4 c5 2.Nf3 d6 3.d4 cxd4 4.Nxd4 Nf6 5.Nc3 e6 6.Be2 Nbd7 7.Be3 a6 8.a4 b6
9.O-O Bb7 10.f3 Be7 11.Bc4 O-O 12.Qe2 Qc7 13.g4 Ne5 14.Bb3 Rac8 15.Rad1 
Nc4 16.Bc1 Qc5 17.Rf2 Nd7 18.Bxc4 Qxc4 19.Qxc4 Rxc4 20.Kg2 Rfc8 21.Kg3 Bf6
22.Nde2 Be7 23.h4 Ne5 24.Be3 Nd7 25.g5 R4c7 26.Nf4 Nc5 27.Nd3 Bc6 28.Nxc5 
dxc5 29.Rfd2 Kf8 30.Bf4 Rb7 31.b3 Ke8 32.h5 Rd7 33.Rxd7 Bxd7 34.e5 Bc6 35.
Ne4 Bxe4 36.fxe4 Rd8 37.Rxd8+ Kxd8 38.Kf3 Kd7 39.Ke3 b5 40.axb5 axb5 41.
Kd3 Kc6 42.c4 g6 43.hxg6 hxg6 44.Be3 Bd8 45.Bf4 Ba5 46.Be3 Be1 47.Bf4 Kb6 
48.Ke2 Bh4 49.Kd3 Bf2 50.Ke2 Bg1 51.Kd3 Bf2 52.Ke2 Bd4 53.Kd3 Ba1 54.Bg3 
Bd4 55.Bf4 Ka6 56.Bg3 Bg1 57.Bf4 Bf2 58.Ke2 Bd4 59.Kd3 Bb2 60.Kc2 1/2-1/2

[Event "III Festival"]
[Site "Salsomaggiore Terme ITA"]
[Date "1999.05.08"]
[Round "4"]
[White "Prelati, Maurizio"]
[Black "Bonetti, Marco"]
[Result "0-1"]
[WhiteElo "2155"]
[BlackElo "1902"]
[PlyCount "70"]
[EventDate "1999.05.06"]

1.e4 Nf6 2.e5 Nd5 3.d4 d6 4.c4 Nb6 5.f4 dxe5 6.fxe5 Bf5 7.Nc3 e6 8.Nf3 Bb4
9.Be2 O-O 10.Be3 c5 11.a3 cxd4 12.Qxd4 Nc6 13.Qxd8 Bxc3+ 14.Qd2 Bxd2+ 15.
Bxd2 Rfd8 16.Bg5 Rd7 17.Kf2 h6 18.Be3 Na4 19.b4 Nc3 20.Rhe1 g5 21.b5 Na5 
22.Rac1 Nxe2 23.Rxe2 Bd3 24.Rd2 Nb3 25.Rc3 Nxd2 26.Nxd2 b6 27.h4 gxh4 28.
Bxh6 Rc8 29.Bg5 Rc5 30.Bf6 Bf5 31.Nf3 Rd3 32.Rc1 Rxa3 33.Rh1 Ra2+ 34.Ke3 
Rxc4 35.Nxh4 Ra3+ 0-1

[Event "III Festival"]
[Site "Salsomaggiore Terme ITA"]
[Date "1999.05.08"]
[Round "4"]
[White "Rigo, Gianfrancesco"]
[Black "Timpani, Nicola"]
[Result "0-1"]
[WhiteElo "2022"]
[BlackElo "2110"]
[PlyCount "101"]
[EventDate "1999.05.06"]

1.Nf3 Nf6 2.b3 d5 3.Bb2 Bf5 4.d3 h6 5.g3 e6 6.Bg2 Nbd7 7.O-O Be7 8.Nbd2 
O-O 9.Qe1 c6 10.e4 Bh7 11.e5 Ne8 12.Qe2 a5 13.a4 Nc7 14.Rfe1 Na6 15.Nd4 
Qb6 16.N2f3 Nc7 17.Nd2 c5 18.N4f3 Na6 19.c3 Nc7 20.Ba3 Qa6 21.c4 Rfe8 22.
Bb2 Qb6 23.Rac1 Rad8 24.Qe3 Nb8 25.d4 Nc6 26.Bf1 cxd4 27.Nxd4 Bc5 28.N2f3 
Be4 29.cxd5 Rxd5 30.Qxe4 Nxd4 31.Nxd4 Bxd4 32.Bxd4 Rxd4 33.Qe3 Nd5 34.Qf3 
Rd8 35.Bc4 Nb4 36.Re2 Nd3 37.Rc3 Nb4 38.Re1 Rd2 39.Bf1 Nd5 40.Rd3 Rxd3 41.
Bxd3 Qc7 42.Qe4 g6 43.h4 h5 44.g4 hxg4 45.Qxg4 Qc3 46.Qe4 Nb4 47.Bb1 Rd4 
48.Qe3 Nd5 49.Qxc3 Nxc3 50.h5 gxh5 51.Bc2 0-1

[Event "III Festival"]
[Site "Salsomaggiore Terme ITA"]
[Date "1999.05.08"]
[Round "4"]
[White "Sabatini, Carlo"]
[Black "Tencati, Giuseppe"]
[Result "0-1"]
[WhiteElo "1950"]
[BlackElo "2045"]
[PlyCount "102"]
[EventDate "1999.05.06"]

1.d4 d5 2.c4 c6 3.Nf3 e6 4.e3 Nf6 5.Nc3 Nbd7 6.Bd3 a6 7.e4 dxe4 8.Nxe4 Be7
9.Ng3 O-O 10.O-O c5 11.Bc2 Qc7 12.Qe2 b6 13.b3 Bb7 14.Bb2 cxd4 15.Bxd4 Bc5
16.Bb2 Qf4 17.Rad1 Rad8 18.Bc1 Qg4 19.Be3 Bxe3 20.Qxe3 Bxf3 21.Rd4 Be4 22.
Nxe4 Nxe4 23.Bxe4 Qh4 24.g3 Qe7 25.Rfd1 Nf6 26.Bc2 Qc7 27.Rxd8 Rxd8 28.
Rxd8+ Qxd8 29.a3 Qc7 30.Qd3 g6 31.Qd4 e5 32.Qe3 Kg7 33.Bd1 Qd6 34.Be2 a5 
35.b4 axb4 36.axb4 Qxb4 37.Qxe5 h5 38.h4 Qb1+ 39.Bf1 Qb3 40.Kg2 Qb4 41.Bd3
Qc5 42.Qxc5 bxc5 43.Kf3 Ng4 44.Ke2 Kf6 45.f3 Ne5 46.Ke3 Nxd3 47.Kxd3 Ke5 
48.Ke3 Kf5 49.Kd3 f6 50.Ke3 g5 51.hxg5 fxg5 0-1

[Event "III Festival"]
[Site "Salsomaggiore Terme ITA"]
[Date "1999.05.08"]
[Round "4"]
[White "Vezzosi, Paolo"]
[Black "Lagumina, Giulio"]
[Result "1/2-1/2"]
[WhiteElo "2339"]
[BlackElo "2282"]
[PlyCount "80"]
[EventDate "1999.05.06"]

1.e4 e5 2.Nf3 d6 3.d4 exd4 4.Nxd4 g6 5.g3 Bg7 6.Bg2 Nf6 7.O-O O-O 8.c4 Nc6
9.Nxc6 bxc6 10.Nc3 Rb8 11.Qa4 c5 12.e5 dxe5 13.Qxa7 Be6 14.Rd1 Qe7 15.Be3 
Nd7 16.Bc6 Nb6 17.Ne4 Bg4 18.Bxc5 Qe6 19.Bd5 Nxd5 20.cxd5 Qf5 21.Re1 Rfd8 
22.Be7 Re8 23.Ba3 Bf3 24.Qe3 Bh6 25.Qd3 Rbd8 26.h3 Rd7 27.g4 Bxe4 28.Rxe4 
Qg5 29.Rae1 Bg7 30.Rc4 f5 31.Qc2 fxg4 32.Rxg4 Qd8 33.Rd1 Rxd5 34.Rxd5 Qxd5
35.Qxc7 Qxa2 36.Rc4 Qb1+ 37.Kg2 Qf5 38.Qc6 Rd8 39.Qb6 Rd2 40.Qb8+ Bf8 
1/2-1/2

[Event "III Festival"]
[Site "Salsomaggiore Terme ITA"]
[Date "1999.05.08"]
[Round "4"]
[White "Voiska, Margarita"]
[Black "Barberi, Alessandro"]
[Result "1-0"]
[WhiteElo "2364"]
[BlackElo "2163"]
[PlyCount "27"]
[EventDate "1999.05.06"]

1.c4 g6 2.Nc3 Bg7 3.g3 c6 4.Bg2 e5 5.e4 Ne7 6.Nge2 O-O 7.O-O d6 8.d4 Nd7 
9.Bg5 h6 10.Be3 exd4 11.Bxd4 Ne5 12.f4 Ng4 13.Bxg7 Kxg7 14.Qd4+ 1-0

[Event "III Festival"]
[Site "Salsomaggiore Terme ITA"]
[Date "1999.05.09"]
[Round "5"]
[White "Barbafiera, Luigi"]
[Black "Pipitone, Antonio"]
[Result "1-0"]
[WhiteElo "1909"]
[BlackElo "2057"]
[PlyCount "53"]
[EventDate "1999.05.06"]

1.c4 Nf6 2.Nc3 c5 3.Nf3 d5 4.cxd5 Nxd5 5.e4 Nxc3 6.bxc3 Nc6 7.Bc4 e6 8.O-O
g6 9.d4 cxd4 10.cxd4 Bg7 11.Bg5 f6 12.Be3 O-O 13.a3 Kh8 14.Qd2 Qd6 15.Rfd1
b6 16.Bh6 Na5 17.Ba2 Bb7 18.d5 Bxh6 19.Qxh6 e5 20.Nh4 Kg8 21.Nxg6 hxg6 22.
Qxg6+ Kh8 23.Rd3 Bc8 24.Rc1 Be6 25.Rcc3 Qd7 26.dxe6 Qg7 27.Rh3+ 1-0

[Event "III Festival"]
[Site "Salsomaggiore Terme ITA"]
[Date "1999.05.09"]
[Round "5"]
[White "Bertino, Paolo"]
[Black "Prelati, Maurizio"]
[Result "1/2-1/2"]
[WhiteElo "1888"]
[BlackElo "2155"]
[PlyCount "23"]
[EventDate "1999.05.06"]

1.d4 Nf6 2.Nf3 g6 3.Bf4 d6 4.Nbd2 Bg7 5.e3 O-O 6.Be2 Nbd7 7.h3 b6 8.O-O 
Bb7 9.a4 Qc8 10.Nc4 Ne4 11.a5 e5 12.Bh2 1/2-1/2

[Event "III Festival"]
[Site "Salsomaggiore Terme ITA"]
[Date "1999.05.09"]
[Round "5"]
[White "Bonetti, Marco"]
[Black "Vujovic, Milorad"]
[Result "1-0"]
[WhiteElo "1902"]
[BlackElo "2306"]
[PlyCount "33"]
[EventDate "1999.05.06"]

1.e4 c5 2.Nf3 d6 3.d3 Nc6 4.g3 g6 5.Bg2 Bg7 6.c3 e6 7.O-O Nge7 8.Nbd2 O-O 
9.Re1 b5 10.Nf1 Rb8 11.h4 f5 12.exf5 Nxf5 13.Ng5 Ne5 14.Bf4 a5 15.Ne4 Qe7 
16.Nh2 Bb7 17.Nxc5 1-0

[Event "III Festival"]
[Site "Salsomaggiore Terme ITA"]
[Date "1999.05.09"]
[Round "5"]
[White "Caposciutti, Maurizio"]
[Black "Voiska, Margarita"]
[Result "1-0"]
[WhiteElo "2273"]
[BlackElo "2364"]
[PlyCount "71"]
[EventDate "1999.05.06"]

1.e4 g6 2.d4 Bg7 3.Nc3 d6 4.f4 Nf6 5.Nf3 Bg4 6.h3 Bxf3 7.Qxf3 c6 8.Be3 O-O
9.e5 dxe5 10.dxe5 Nd5 11.O-O-O e6 12.Bc5 Re8 13.Ne4 Qc7 14.c4 Nb6 15.h4 
Nc8 16.h5 b6 17.Bf2 Nd7 18.Qh3 Nf8 19.Bh4 Ne7 20.Nf6+ Bxf6 21.Bxf6 Rad8 
22.Rxd8 Rxd8 23.hxg6 fxg6 24.Qh6 Nf5 25.Bxd8 Qxd8 26.Qh3 Qd4 27.Qf3 c5 28.
Bd3 Ne3 29.Qe4 Qxe4 30.Bxe4 Nxc4 31.Rh3 Kf7 32.a3 Na5 33.b4 cxb4 34.axb4 
Nc4 35.Rc3 b5 36.Bd3 1-0

[Event "III Festival"]
[Site "Salsomaggiore Terme ITA"]
[Date "1999.05.09"]
[Round "5"]
[White "Collutiis, Duilio"]
[Black "Vezzosi, Paolo"]
[Result "1/2-1/2"]
[WhiteElo "2196"]
[BlackElo "2339"]
[PlyCount "79"]
[EventDate "1999.05.06"]

1.Nf3 Nf6 2.g3 d5 3.c4 c6 4.b3 Bf5 5.Bg2 e6 6.Bb2 Nbd7 7.d3 h6 8.Nbd2 Bc5 
9.O-O O-O 10.Re1 Bh7 11.d4 Be7 12.Ne5 Qc7 13.Nxd7 Qxd7 14.Rc1 Rfd8 15.e3 
b5 16.c5 a5 17.a3 Qb7 18.f3 b4 19.a4 Bd3 20.h3 Rf8 21.e4 dxe4 22.fxe4 Rad8
23.Qf3 Ba6 24.e5 Nd5 25.Nc4 Qc7 26.Nd6 f5 27.Rc2 Kh7 28.Bc1 g6 29.h4 Rd7 
30.Rf2 Qd8 31.Qd1 Kg7 32.h5 Bg5 33.hxg6 Kxg6 34.Bxd5 cxd5 35.Rh2 Rg7 36.
Kg2 Bxc1 37.Qh5+ Kh7 38.Rxc1 Rg6 39.Rch1 f4 40.Qxh6+ 1/2-1/2

[Event "III Festival"]
[Site "Salsomaggiore Terme ITA"]
[Date "1999.05.09"]
[Round "5"]
[White "De Santis, Alessio"]
[Black "Lagumina, Giulio"]
[Result "1-0"]
[WhiteElo "2356"]
[BlackElo "2282"]
[PlyCount "69"]
[EventDate "1999.05.06"]

1.d4 d5 2.Nf3 Nf6 3.e3 Bf5 4.c4 e6 5.Qb3 Nc6 6.c5 e5 7.Qxb7 Bd7 8.Qb3 Rb8 
9.Qd1 Bg4 10.Be2 e4 11.Ng1 Bd7 12.a3 a5 13.Nc3 Be7 14.Rb1 O-O 15.Bd2 Be6 
16.Qa4 Bd7 17.Qd1 Be6 18.Nh3 Bxh3 19.gxh3 Ne8 20.Qa4 Qd7 21.Bb5 Rxb5 22.
Qxb5 f5 23.b4 axb4 24.axb4 Bh4 25.Qe2 f4 26.b5 Ne7 27.b6 cxb6 28.cxb6 Nd6 
29.Qg4 Nef5 30.O-O Rf6 31.Kh1 f3 32.Nxd5 Rg6 33.b7 Nxb7 34.Qxe4 Bd8 35.
Rxb7 1-0

[Event "III Festival"]
[Site "Salsomaggiore Terme ITA"]
[Date "1999.05.09"]
[Round "5"]
[White "Everet, Alexandro"]
[Black "Peric, Slavisa"]
[Result "1-0"]
[WhiteElo "2253"]
[BlackElo "2499"]
[PlyCount "53"]
[EventDate "1999.05.06"]

1.d4 d5 2.c4 dxc4 3.e4 e6 4.Bxc4 Nf6 5.Nc3 Be7 6.Nge2 c5 7.O-O cxd4 8.Nxd4
a6 9.e5 Nfd7 10.Bxe6 Nxe5 11.Bxc8 Qxc8 12.Nd5 Bc5 13.Bf4 Qd7 14.Nb3 Bd6 
15.Nb6 Qc6 16.Rc1 Qxb6 17.Rc8+ Ke7 18.Rxh8 Ra7 19.Nd4 g6 20.Re1 Kf6 21.
Bxe5+ Bxe5 22.Rxe5 Kxe5 23.Rxb8 Qxb2 24.Nf3+ Kf6 25.Qd6+ Kf5 26.Nd4+ Kg5 
27.Qe5+ 1-0

[Event "III Festival"]
[Site "Salsomaggiore Terme ITA"]
[Date "1999.05.09"]
[Round "5"]
[White "Fercec, Nenad"]
[Black "Salami, Marco"]
[Result "1-0"]
[WhiteElo "2495"]
[BlackElo "2220"]
[PlyCount "71"]
[EventDate "1999.05.06"]

1.e4 e6 2.d4 a6 3.Bd3 b5 4.Nf3 Bb7 5.Qe2 c5 6.dxc5 Bxc5 7.a4 b4 8.Nbd2 Nf6
9.e5 Nd5 10.Ne4 Be7 11.Bg5 f6 12.exf6 Nxf6 13.h4 Nc6 14.b3 Qc7 15.Ned2 Nd4
16.Nxd4 Qc3 17.Rd1 Qxd4 18.Nc4 Qc3+ 19.Bd2 Qd4 20.Bg5 Qc3+ 21.Kf1 O-O 22.
Rh3 Bc5 23.Bd2 Qd4 24.Be3 Qd5 25.Bxh7+ Kxh7 26.Rxd5 Bxe3 27.Rxd7 Nxd7 28.
Rxe3 Bd5 29.Nd6 Nf6 30.Kg1 Ra7 31.Nc4 Rb8 32.Re5 Rc7 33.Ne3 Rbc8 34.Qxa6 
Be4 35.Rxe4 Nxe4 36.Qd3 1-0

[Event "III Festival"]
[Site "Salsomaggiore Terme ITA"]
[Date "1999.05.09"]
[Round "5"]
[White "Komarov, Dimitri"]
[Black "Genocchio, Daniele"]
[Result "1-0"]
[WhiteElo "2588"]
[BlackElo "2247"]
[PlyCount "47"]
[EventDate "1999.05.06"]

1.d4 Nf6 2.c4 e6 3.Nc3 c5 4.d5 exd5 5.cxd5 d6 6.e4 g6 7.f4 Bg7 8.Bb5+ Nfd7
9.Nf3 O-O 10.O-O a6 11.Bd3 b5 12.Kh1 b4 13.Ne2 Nb6 14.f5 N8d7 15.Bg5 Qe8 
16.Qd2 c4 17.Bc2 b3 18.Bb1 c3 19.Nxc3 Nc4 20.Qc1 Nc5 21.f6 Bh8 22.Nd4 bxa2
23.Rxa2 Ne5 24.Nc6 1-0

[Event "III Festival"]
[Site "Salsomaggiore Terme ITA"]
[Date "1999.05.09"]
[Round "5"]
[White "Mrdja, Milan"]
[Black "Efimov, Igor"]
[Result "0-1"]
[WhiteElo "2410"]
[BlackElo "2494"]
[PlyCount "60"]
[EventDate "1999.05.06"]

1.e4 c6 2.d4 d5 3.Nc3 dxe4 4.Nxe4 Bf5 5.Ng5 Bg6 6.h4 h6 7.N1f3 Nf6 8.h5 
Bh7 9.Bd3 Bxd3 10.Qxd3 e6 11.Bd2 Nbd7 12.O-O-O Be7 13.Kb1 c5 14.Ne4 O-O 
15.dxc5 Nxc5 16.Nxc5 Bxc5 17.Qe2 Qb6 18.Ne5 Rac8 19.f4 Bd4 20.c3 Bxc3 21.
Bxc3 Rxc3 22.Nc4 Qb5 23.Qe5 Qxe5 24.Nxe5 Rc7 25.Rd2 Ne4 26.Rc2 Rxc2 27.
Kxc2 Rc8+ 28.Kb1 Ng3 29.Rd1 Nxh5 30.Rd7 Nxf4 0-1

[Event "III Festival"]
[Site "Salsomaggiore Terme ITA"]
[Date "1999.05.09"]
[Round "5"]
[White "Natalucci, Fabrizio"]
[Black "Lapiccirella, Mattia"]
[Result "0-1"]
[WhiteElo "2225"]
[BlackElo "2077"]
[PlyCount "96"]
[EventDate "1999.05.06"]

1.d4 Nf6 2.Nf3 g6 3.c4 Bg7 4.Nc3 O-O 5.e4 d6 6.h3 c5 7.d5 e6 8.Bd3 Re8 9.
O-O Na6 10.Bg5 h6 11.Be3 Nc7 12.a4 b6 13.Qd2 Kh7 14.Rfe1 exd5 15.exd5 a6 
16.Bf4 Nh5 17.Bh2 f5 18.Re2 Bf6 19.Rae1 Rxe2 20.Rxe2 Ne8 21.Qc2 Nhg7 22.
Nd2 Ra7 23.Kf1 Re7 24.Rxe7 Qxe7 25.Nb3 Qc7 26.Qd1 Bd8 27.Bf4 Nf6 28.Qe1 
Nd7 29.Bd2 Ne5 30.Be2 g5 31.Qb1 Kg8 32.f4 Ng6 33.fxg5 hxg5 34.Nd1 Bd7 35.
a5 b5 36.cxb5 axb5 37.Qa1 Qa7 38.Be3 f4 39.Bf2 Ne5 40.Nc3 Qa6 41.Ke1 c4 
42.Nd4 Qxa5 43.Qxa5 Bxa5 44.Kd1 Bxc3 45.bxc3 Nf5 46.Nf3 Nf7 47.Bb6 Ne7 48.
Bc7 Nxd5 0-1

[Event "III Festival"]
[Site "Salsomaggiore Terme ITA"]
[Date "1999.05.09"]
[Round "5"]
[White "Pegoraro, Nicola"]
[Black "Tramalloni, Luca"]
[Result "0-1"]
[WhiteElo "2072"]
[BlackElo "1909"]
[PlyCount "96"]
[EventDate "1999.05.06"]

1.e4 c5 2.Nf3 d6 3.d4 cxd4 4.Nxd4 Nf6 5.Nc3 e6 6.Be2 a6 7.O-O Qc7 8.Bg5 
Be7 9.Kh1 Bd7 10.f4 Nc6 11.Nxc6 Bxc6 12.Bf3 O-O 13.Qe2 h6 14.Bxf6 Bxf6 15.
Qe3 Qa5 16.Rfd1 Rfd8 17.Rd3 Bxc3 18.Rxc3 d5 19.Ra3 Qc7 20.e5 Qe7 21.Rd1 
Bb5 22.Rc3 Qb4 23.Rb3 Qc4 24.a3 Qxc2 25.Rc1 Qg6 26.Qd4 Rdc8 27.Rbc3 Rc4 
28.Rxc4 Bxc4 29.Kg1 Qd3 30.Qxd3 Bxd3 31.Kf2 Bb5 32.Ke3 Kf8 33.Kd4 Ke8 34.
Bh5 Bc6 35.Rc3 g6 36.Bd1 Rc8 37.Rh3 h5 38.g4 hxg4 39.Bxg4 Bb5 40.Rh8+ Kd7 
41.Rxc8 Kxc8 42.h4 Kc7 43.f5 exf5 44.Bxf5 gxf5 45.h5 f4 46.h6 f3 47.h7 f2 
48.h8=Q f1=Q 0-1

[Event "III Festival"]
[Site "Salsomaggiore Terme ITA"]
[Date "1999.05.09"]
[Round "5"]
[White "Rigo, Gianfrancesco"]
[Black "Sabatini, Carlo"]
[Result "0-1"]
[WhiteElo "2022"]
[BlackElo "1950"]
[PlyCount "55"]
[EventDate "1999.05.06"]

1.e4 e5 2.Nf3 Nc6 3.c3 d5 4.Qa4 dxe4 5.Nxe5 Qd5 6.Bb5 Ne7 7.d4 exd3 8.Bf4 
Bd7 9.Nxd3 a6 10.Bc4 Qxg2 11.Rf1 Ne5 12.Qb4 Qe4+ 13.Kd2 Nxc4+ 14.Kc2 Nd5 
15.Qb3 O-O-O 16.Re1 Qg6 17.Qxc4 Nxf4 18.Qxf4 Bf5 19.Nd2 Bxd3+ 20.Kc1 Bd6 
21.Qh4 Rhe8 22.Rd1 Be7 23.Qa4 Bg5 24.f4 Bh6 25.Qb4 Qf5 26.b3 Bxf4 27.c4 
Be5 28.Qc5 0-1

[Event "III Festival"]
[Site "Salsomaggiore Terme ITA"]
[Date "1999.05.09"]
[Round "5"]
[White "Timpani, Nicola"]
[Black "Tencati, Giuseppe"]
[Result "1/2-1/2"]
[WhiteElo "2110"]
[BlackElo "2045"]
[PlyCount "71"]
[EventDate "1999.05.06"]

1.d4 d5 2.Nf3 c6 3.Bf4 Nf6 4.e3 e6 5.Bd3 Nbd7 6.O-O c5 7.c3 b6 8.Nbd2 Bb7 
9.Ne5 Be7 10.h4 O-O 11.Qf3 Nxe5 12.dxe5 Nd7 13.Qg3 Re8 14.Nf3 f5 15.Qh3 g6
16.g4 Nf8 17.Kh2 Bc8 18.Kg3 Bd7 19.g5 Bc6 20.h5 Qd7 21.Rh1 Bd8 22.hxg6 
Nxg6 23.Rad1 Qg7 24.Qh6 Re7 25.Qxg7+ Rxg7 26.Rh6 Be7 27.Nh4 Re8 28.Nxg6 
Rxg6 29.Rxg6+ hxg6 30.Bf1 b5 31.Bg2 a5 32.Bf3 a4 33.a3 Bd8 34.Rc1 Kg7 35.
Bg2 Bd7 36.f3 1/2-1/2

[Event "III Festival"]
[Site "Salsomaggiore Terme ITA"]
[Date "1999.05.09"]
[Round "6"]
[White "Bonetti, Marco"]
[Black "Mrdja, Milan"]
[Result "0-1"]
[WhiteElo "1902"]
[BlackElo "2410"]
[PlyCount "83"]
[EventDate "1999.05.06"]

1.e4 Nf6 2.e5 Nd5 3.c4 Nb6 4.c5 Nd5 5.Nc3 e6 6.d4 Nxc3 7.bxc3 d6 8.cxd6 
cxd6 9.Nf3 Qc7 10.Qb3 Nc6 11.Bb5 Bd7 12.O-O a6 13.Bxc6 Bxc6 14.c4 Bxf3 15.
Qxf3 dxe5 16.Rb1 O-O-O 17.d5 Bc5 18.Be3 Rd7 19.Qh3 Bxe3 20.fxe3 exd5 21.
cxd5 Kb8 22.Rfc1 Qd6 23.e4 Rc7 24.Qf5 Rhc8 25.Rf1 h6 26.h3 f6 27.Qg4 Ka8 
28.Kh2 Qd7 29.Qd1 Rc2 30.Rf3 R2c3 31.Rb6 Rxf3 32.Qxf3 Qc7 33.Qf5 Kb8 34.
Qe6 Rd8 35.a4 Qc5 36.Kg3 Qe3+ 37.Kh2 Qf4+ 38.Kg1 Rc8 39.Qd6+ Ka7 40.Rb1 
Qe3+ 41.Kh1 Qc5 42.Qd7 0-1

[Event "III Festival"]
[Site "Salsomaggiore Terme ITA"]
[Date "1999.05.09"]
[Round "6"]
[White "Efimov, Igor"]
[Black "Komarov, Dimitri"]
[Result "1/2-1/2"]
[WhiteElo "2494"]
[BlackElo "2588"]
[PlyCount "45"]
[EventDate "1999.05.06"]

1.d4 d5 2.c4 c6 3.Nc3 Nf6 4.e3 a6 5.Qc2 Bg4 6.h3 Bh5 7.Qb3 Ra7 8.cxd5 cxd5
9.g4 Bg6 10.g5 Ne4 11.Qxd5 Qxd5 12.Nxd5 Nxg5 13.Bg2 Be4 14.Bxe4 Nxe4 15.f3
Nd6 16.Bd2 e6 17.Nb6 Nd7 18.Nxd7 Kxd7 19.Rc1 Be7 20.Ne2 Raa8 21.Nf4 Rhc8 
22.Ke2 Nc4 23.Nd3 1/2-1/2

[Event "III Festival"]
[Site "Salsomaggiore Terme ITA"]
[Date "1999.05.09"]
[Round "6"]
[White "Genocchio, Daniele"]
[Black "Caposciutti, Maurizio"]
[Result "1-0"]
[WhiteElo "2247"]
[BlackElo "2273"]
[PlyCount "55"]
[EventDate "1999.05.06"]

1.e4 c5 2.Nf3 Nc6 3.c3 d5 4.exd5 Qxd5 5.d4 Nf6 6.Be2 e6 7.O-O cxd4 8.cxd4 
Be7 9.Nc3 Qd6 10.Nb5 Qd8 11.Bf4 Nd5 12.Bg3 a6 13.Nc3 O-O 14.Re1 Nf6 15.Bc4
b5 16.Bb3 Na5 17.Bc2 Bb7 18.Ne5 Rc8 19.Bh4 Nc4 20.Ne2 Nxb2 21.Qb1 Nc4 22.
Bxf6 gxf6 23.Bxh7+ Kg7 24.Nxf7 Rxf7 25.Qg6+ Kh8 26.Qxf7 Qe8 27.Qxe6 Kxh7 
28.Nf4 1-0